Aprendiendo de la experiencia

Saved in:
Bibliografiske detaljer
Hovedforfatter: Bion, Wilfred Ruprecht
Format: Bog
Sprog:spansk
Udgivet: Barcelona Paidós 1980
Serier:Biblioteca de Psicología Profunda
Fag:
Tags: Tilføj Tag
Ingen Tags, Vær først til at tagge denne postø!

MARC

LEADER 00000nam a2200000 a 4500
001 UCZ7381
003 CL-VaPUC
005 20240327141249.0
008 951228e19800000SP |||||||||||||||||spa|d
999 |c 243467  |d 243465 
040 |c Pontificia Universidad Católica de Valparaíso 
082 0 4 |a 370.156 BIO 1980  |2 21 
100 0 |a Bion, Wilfred Ruprecht  |9 352220 
245 1 0 |a Aprendiendo de la experiencia 
260 |a Barcelona  |b Paidós  |c 1980 
300 |a 131 páginas 
490 0 |a Biblioteca de Psicología Profunda 
583 |a last modification  |c 19951228 00:00:00  |k Rodrigo Vera 
650 0 |a Psicología educacional   |9 307830 
650 0 |a Aprendizaje   |9 254827 
650 0 |a Trastornos del aprendizaje  |9 307969 
650 0 |a Personalidad   |9 307255 
650 0 |a Comportamiento   |9 308406 
942 |c BK  |2 ddc 
945 |d 19951228 00:00:00  |a lriquelm 
952 |0 0  |1 0  |2 ddc  |4 0  |6 370_156000000000000_BIO_1980  |7 0  |8 A  |9 257103  |a BIBEDU  |b BIBEDU  |d 2019-11-19  |i 1613782  |o 370.156 BIO 1980  |p 1613782  |r 2019-11-19  |t 1  |w 2019-11-19  |y BK  |k EDU